00511nam a2200193 a 4500001001300000003000900013005001700022008004100039020000800080082001700088100001900105245003200124260003500156300000900191500003500200505003400235650002900269700001900298nice12345678IN_TiNIC20260116011312.0050524s0000 dela grp 000 0 urd  ac300a297.64bABU1 aAbu Nasr, Omer aAal-E-Muhammad Karbala Mein aDelhibChaman Book Depotc0000 a189p aincludes index and biblioraphy2 ascn book club study project.3 aMuhammad, Prophet-Family1 aAbu Nasr, Omer